000 00556nam a2200217Ia 4500
003 OSt
005 20230502154626.0
008 210423s2014 xx 000 0 und d
020 _a978-81-203-3059-7
040 _cAL
041 _aeng
082 _a344.046
_223
_bSENE
100 _aSENGAR (Dharmendra S)
_996376
245 _aEnvironmental law
260 _aDelhi
_bPHI Learning Pvt Ltd
_c2014
300 _axviii,358
_bPB
365 _b695
_cINR
650 _aSocial Labour Welfare Law
_996377
906 _aEnvironmental ; law
942 _2ddc
_cBK
999 _c170814
_d170814